<?xml version="1.0" encoding="UTF-8"?>
<collection xmlns="http://www.loc.gov/MARC21/slim">
 <record>
  <leader>01750nam a22002537a 4500</leader>
  <controlfield tag="001">NCT_67132</controlfield>
  <controlfield tag="008">190820b        xxu||||| |||| 00| 0 vie d</controlfield>
  <datafield tag="999" ind1=" " ind2=" ">
   <subfield code="c">3242</subfield>
   <subfield code="d">3242</subfield>
  </datafield>
  <datafield tag="020" ind1=" " ind2=" ">
   <subfield code="a">9786046205814</subfield>
   <subfield code="c">35000</subfield>
  </datafield>
  <datafield tag="082" ind1="0" ind2="4">
   <subfield code="2">23rd ed.</subfield>
   <subfield code="a">346.597062</subfield>
   <subfield code="b">S464</subfield>
  </datafield>
  <datafield tag="100" ind1="1" ind2=" ">
   <subfield code="a">Bùi Ngọc Sơn</subfield>
   <subfield code="e">Chủ biên</subfield>
  </datafield>
  <datafield tag="245" ind1="1" ind2="0">
   <subfield code="a">Giáo trình pháp luật doanh nghiệp</subfield>
   <subfield code="c">Bùi Ngọc Sơn</subfield>
  </datafield>
  <datafield tag="260" ind1=" " ind2=" ">
   <subfield code="a">H.</subfield>
   <subfield code="b">Đại học Quốc gia Hà Nội</subfield>
   <subfield code="c">2011</subfield>
  </datafield>
  <datafield tag="300" ind1=" " ind2=" ">
   <subfield code="a">233 tr.</subfield>
   <subfield code="c">21cm</subfield>
  </datafield>
  <datafield tag="500" ind1=" " ind2=" ">
   <subfield code="a">ĐTTS ghi: Trường Đại học Ngoại thương</subfield>
  </datafield>
  <datafield tag="520" ind1="3" ind2=" ">
   <subfield code="a">Sách đề cập đến quá trình hình thành và phát triển của pháp luật về công ty và pháp luật về doanh nghiệp ở các nước có nền kinh tế thị trường phát triển và ở Việt Nam.</subfield>
  </datafield>
  <datafield tag="653" ind1=" " ind2=" ">
   <subfield code="a">Luật học</subfield>
  </datafield>
  <datafield tag="942" ind1=" " ind2=" ">
   <subfield code="2">ddc</subfield>
   <subfield code="c">BK</subfield>
  </datafield>
  <datafield tag="952" ind1=" " ind2=" ">
   <subfield code="0">0</subfield>
   <subfield code="1">0</subfield>
   <subfield code="2">ddc</subfield>
   <subfield code="4">0</subfield>
   <subfield code="6">346_597062000000000_S464</subfield>
   <subfield code="7">0</subfield>
   <subfield code="9">17482</subfield>
   <subfield code="a">000001</subfield>
   <subfield code="b">000001</subfield>
   <subfield code="d">2019-08-20</subfield>
   <subfield code="o">346.597062 S464</subfield>
   <subfield code="p">MD.15470</subfield>
   <subfield code="r">2019-08-20</subfield>
   <subfield code="v">35000.00</subfield>
   <subfield code="w">2019-08-20</subfield>
   <subfield code="y">BK</subfield>
  </datafield>
  <datafield tag="952" ind1=" " ind2=" ">
   <subfield code="0">0</subfield>
   <subfield code="1">0</subfield>
   <subfield code="2">ddc</subfield>
   <subfield code="4">0</subfield>
   <subfield code="6">346_597062000000000_S464</subfield>
   <subfield code="7">0</subfield>
   <subfield code="9">17483</subfield>
   <subfield code="a">000001</subfield>
   <subfield code="b">000001</subfield>
   <subfield code="d">2019-08-20</subfield>
   <subfield code="o">346.597062 S464</subfield>
   <subfield code="p">MD.15471</subfield>
   <subfield code="r">2019-08-20</subfield>
   <subfield code="v">35000.00</subfield>
   <subfield code="w">2019-08-20</subfield>
   <subfield code="y">BK</subfield>
  </datafield>
  <datafield tag="952" ind1=" " ind2=" ">
   <subfield code="0">0</subfield>
   <subfield code="1">0</subfield>
   <subfield code="2">ddc</subfield>
   <subfield code="4">0</subfield>
   <subfield code="6">346_597062000000000_S464</subfield>
   <subfield code="7">0</subfield>
   <subfield code="9">17484</subfield>
   <subfield code="a">000001</subfield>
   <subfield code="b">000001</subfield>
   <subfield code="d">2019-08-20</subfield>
   <subfield code="o">346.597062 S464</subfield>
   <subfield code="p">MD.15472</subfield>
   <subfield code="r">2019-08-20</subfield>
   <subfield code="v">35000.00</subfield>
   <subfield code="w">2019-08-20</subfield>
   <subfield code="y">BK</subfield>
  </datafield>
  <datafield tag="952" ind1=" " ind2=" ">
   <subfield code="0">0</subfield>
   <subfield code="1">0</subfield>
   <subfield code="2">ddc</subfield>
   <subfield code="4">0</subfield>
   <subfield code="6">346_597062000000000_S464</subfield>
   <subfield code="7">0</subfield>
   <subfield code="9">17485</subfield>
   <subfield code="a">000001</subfield>
   <subfield code="b">000001</subfield>
   <subfield code="d">2019-08-20</subfield>
   <subfield code="l">1</subfield>
   <subfield code="o">346.597062 S464</subfield>
   <subfield code="p">MD.15473</subfield>
   <subfield code="r">2020-01-13</subfield>
   <subfield code="s">2020-01-07</subfield>
   <subfield code="v">35000.00</subfield>
   <subfield code="w">2019-08-20</subfield>
   <subfield code="y">BK</subfield>
  </datafield>
  <datafield tag="952" ind1=" " ind2=" ">
   <subfield code="0">0</subfield>
   <subfield code="1">0</subfield>
   <subfield code="2">ddc</subfield>
   <subfield code="4">0</subfield>
   <subfield code="6">346_597062000000000_S464</subfield>
   <subfield code="7">0</subfield>
   <subfield code="9">17486</subfield>
   <subfield code="a">000001</subfield>
   <subfield code="b">000001</subfield>
   <subfield code="d">2019-08-20</subfield>
   <subfield code="l">1</subfield>
   <subfield code="o">346.597062 S464</subfield>
   <subfield code="p">MD.15474</subfield>
   <subfield code="r">2020-05-14</subfield>
   <subfield code="s">2019-09-06</subfield>
   <subfield code="v">35000.00</subfield>
   <subfield code="w">2019-08-20</subfield>
   <subfield code="y">BK</subfield>
  </datafield>
  <datafield tag="980" ind1=" " ind2=" ">
   <subfield code="a">Thư viện Trường Đại học Nam Cần Thơ</subfield>
  </datafield>
 </record>
</collection>
